Babu Jagjivan Ram in Parliament: a commemorative volume (Record no. 487510)

000 -LEADER
fixed length control field 00479cam a22001217a 4500
008 - FIXED-LENGTH DATA ELEMENTS--GENERAL INFORMATION
fixed length control field 180718b606+p. xxu||||| |||| 00| 0 eng d
082 ## - DEWEY DECIMAL CLASSIFICATION NUMBER
Classification number A99 J185/B119
245 ## - TITLE STATEMENT
Title Babu Jagjivan Ram in Parliament: a commemorative volume
Statement of responsibility, etc. by Lok Sabha Sabha Secretariat
260 ## - PUBLICATION, DISTRIBUTION, ETC.
Place of publication, distribution, etc. New Delhi
Name of publisher, distributor, etc. Lok Sabha Secretariat
Date of publication, distribution, etc. 606+p.
650 ## - SUBJECT ADDED ENTRY--TOPICAL TERM
Topical term or geographic name entry element Ram, Jagjivan, 1908-1986,Statesman - India - Biography
650 ## - SUBJECT ADDED ENTRY--TOPICAL TERM
Topical term or geographic name entry element Ram, Jagjivan - Criticism and interpretation
700 ## - ADDED ENTRY--PERSONAL NAME
Personal name India. Lok Sabha Secretariat
Holdings
Withdrawn status Lost status Damaged status Not for loan Permanent Location Current Location Date acquired Full call number Barcode Date last seen Price effective from Koha item type
        Indian Institute of Public Administration Indian Institute of Public Administration 2018-08-04 A99 J185/B119 GG29690 2018-08-04 2018-08-04 GG
        Indian Institute of Public Administration Indian Institute of Public Administration 2018-08-04 A99 J185/B119 GG29689 2018-08-04 2018-08-04 GG

Powered by Koha